The digital personal data protection act, 2023: An ambitious government step towards ensuring its wide reach (Record no. 527871)
[ view plain ]
| 000 -LEADER | |
|---|---|
| fixed length control field | 01346nam a22001577a 4500 |
| 008 - FIXED-LENGTH DATA ELEMENTS--GENERAL INFORMATION | |
| fixed length control field | 241001b ||||| |||| 00| 0 eng d |
| 100 ## - MAIN ENTRY--PERSONAL NAME | |
| Personal name | Singh, Abhishek and Anusha |
| 245 ## - TITLE STATEMENT | |
| Title | The digital personal data protection act, 2023: An ambitious government step towards ensuring its wide reach |
| 260 ## - PUBLICATION, DISTRIBUTION, ETC. (IMPRINT) | |
| Place of publication, distribution, etc | Indian Journal of Public Administration |
| 300 ## - PHYSICAL DESCRIPTION | |
| Extent | 70(3), Sep, 2024: p.502-515 |
| 520 ## - SUMMARY, ETC. | |
| Summary, etc | his article is divided into three major segments. The initial section offers a concise overview of the requisite data protection laws in India, aiming to regulate and oversee the collection, processing and utilisation of personal data. The second section delves into an in-depth examination of the Digital Personal Data Protection Act, 2023 (the Act), accompanied by illustrative examples and its scope of applicability. The concluding part presents an analysis of the Act, focusing on its efforts and challenges in safeguarding wide reach as well as its implications for rural populations.- Reproduced https://journals.sagepub.com/doi/full/10.1177/00195561241271533 |
| 650 ## - SUBJECT ADDED ENTRY--TOPICAL TERM | |
| Topical term or geographic name as entry element | Digital personal protection data act 2023 (the act), Provisions of the act, Applicability of the act (rural areas), Prospects of the act. |
| 9 (RLIN) | 47925 |
| 773 ## - HOST ITEM ENTRY | |
| Main entry heading | Indian Journal of Public Administration |
| 906 ## - LOCAL DATA ELEMENT F, LDF (RLIN) | |
| Subject DIP | CYBER SECURITY |
| 942 ## - ADDED ENTRY ELEMENTS (KOHA) | |
| Item type | Articles |
| Withdrawn status | Lost status | Source of classification or shelving scheme | Damaged status | Not for loan | Permanent location | Current location | Date acquired | Serial Enumeration / chronology | Barcode | Date last seen | Koha item type |
|---|---|---|---|---|---|---|---|---|---|---|---|
| Indian Institute of Public Administration | Indian Institute of Public Administration | 2024-10-01 | 70(3), Sep, 2024: p.502-515 | AR133302 | 2024-10-01 | Articles |
